Sports Quiz

Random Sports or Baseball Quiz

MLB Highest WAR by Position (2000s) Quiz Stats

 Plays Quiz Updated Jul 11, 2019

Support Sporcle.
Go Orange.
Score 0/100 Timer 12:00
5 Plays Today
Year Player % Correct
2000Alex Rodriguez
96.8%
2001Alex Rodriguez
96.8%
2002Alex Rodriguez
96.8%
2003Alex Rodriguez
96.8%
2005Alex Rodriguez
96.8%
2007Alex Rodriguez
96.8%
2001Ivan Rodriguez
96.6%
2001Albert Pujols
96.1%
2004Albert Pujols
96.1%
2005Albert Pujols
96.1%
2006Albert Pujols
96.1%
2007Albert Pujols
96.1%
2008Albert Pujols
96.1%
2009Albert Pujols
96.1%
2008Brian McCann
94.2%
2006Joe Mauer
93.4%
2009Joe Mauer
93.4%
2000Jorge Posada
93.3%
2002Jorge Posada
93.3%
2008Chipper Jones
93.1%
2000Andruw Jones
93%
2005Andruw Jones
93%
2000Todd Helton
90.9%
2003Todd Helton
90.9%
2001Barry Bonds
90.4%
2002Barry Bonds
90.4%
2003Barry Bonds
90.4%
2004Barry Bonds
90.4%
2001Randy Johnson
89.9%
2002Randy Johnson
89.9%
2008Manny Ramirez
89.4%
2004Mariano Rivera
88.9%
2005Mariano Rivera
88.9%
2008Mariano Rivera
88.9%
Year Player % Correct
2000Pedro Martinez
88.5%
2003Pedro Martinez
88.5%
2005Victor Martinez
88.2%
2006Chase Utley
87.8%
2007Chase Utley
87.8%
2008Chase Utley
87.8%
2008Hanley Ramirez
87.7%
2009Hanley Ramirez
87.7%
2007Russell Martin
87.3%
2004Ichiro
83.7%
2006Ichiro
83.7%
2004Johan Santana
82.1%
2006Johan Santana
82.1%
2009Ryan Braun
81.8%
2000Jeff Kent
81%
2002Jeff Kent
81%
2002Vladimir Guerrero
80.8%
2005Vladimir Guerrero
80.8%
2001Jason Giambi
80.2%
2001Carlos Beltran
78.9%
2006Carlos Beltran
78.9%
2008Carlos Beltran
78.9%
2005Roger Clemens
77.3%
2002Jim Edmonds
77.2%
2003Jim Edmonds
77.2%
2004Jim Edmonds
77.2%
2008Tim Lincecum
77.1%
2007Troy Tulowitzki
77.1%
2009Zack Greinke
75.9%
2004Adrian Beltre
74.8%
2001Sammy Sosa
73.9%
2002Scott Rolen
72.9%
2006Scott Rolen
72.9%
2002Jim Thome
71.6%
Year Player % Correct
2000Troy Glaus
70.2%
2007Roy Oswalt
69.4%
2003Javy Lopez
66.6%
2004Javy Lopez
66.6%
2003Eric Gagne
63.3%
2005Brian Roberts
61.1%
2004Miguel Tejada
60.9%
2001Bret Boone
59.8%
2007Curtis Granderson
59.7%
2006Jonathan Papelbon
57.8%
2007Magglio Ordonez
57.4%
2006Alfonso Soriano
55.6%
2009Ben Zobrist
54.9%
2007Matt Holliday
54.9%
2005Jason Bay
54.7%
2005Rafael Furcal
46.9%
2008Nick Markakis
45.1%
2000Bobby Abreu
42.5%
2003Marcus Giles
41.4%
2009Chone Figgins
39.8%
2006Carlos Guillen
35.8%
2003Gary Sheffield
35.7%
2000Darin Erstad
34.6%
2009Shin-Soo Choo
28.4%
2003Hank Blalock
27.2%
2009Franklin Gutierrez
22.3%
2001Keith Foulke
21.2%
2009Andrew Bailey
20.3%
2004Mark Loretta
19.3%
2002Octavio Dotel
13.4%
2007Rafael Betancourt
6.6%
2000Gabe White
5.9%

You're not logged in!

Compare scores with friends on all Sporcle quizzes.
OR
Log In
Forgot?

From the Vault

2010s Music Videos II

by eyes355

Music 6m
These artists are like music video royalty.
Remove Ads.
Support Sporcle.
Get the best of Sporcle when you Go Orange. This ad-free experience offers more features, more stats, and more fun while also helping to support Sporcle. Thank you for becoming a member.

Show Comments

Extras

Top Quizzes Today


Score Distribution

Your Account Isn't Verified!

In order to create a playlist on Sporcle, you need to verify the email address you used during registration. Go to your Sporcle Settings to finish the process.

Report this User

Report this user for behavior that violates our Community Guidelines.

Details: